| 000 | 00324nam a2200121Ia 4500 | ||
|---|---|---|---|
| 008 | 240731s9999 xx 000 0 und d | ||
| 022 | _a2196-145X | ||
| 245 | 0 | _aTransnational Social Review : A Social Work Journal | |
| 260 | _bRoutledge | ||
| 856 | _uhttps://www.tandfonline.com/loi/rtsr20 | ||
| 942 | _2ddc | ||
| 942 | _cTFEJ | ||
| 999 |
_c80193 _d80193 |
||
| 945 |
_a1 _bMadushi Gamage _c1 _dMadushi Gamage |
||